Mechanics of solids and fluids (Record no. 17474)

000 -LEADER
fixed length control field 00457nam a22001817a 4500
001 - CONTROL NUMBER
control field 17474
003 - CONTROL NUMBER IDENTIFIER
control field BD-DhUET
008 - FIXED-LENGTH DATA ELEMENTS--GENERAL INFORMATION
fixed length control field 150324b xxu||||| |||| 00| 0 eng d
040 ## - CATALOGING SOURCE
Transcribing agency 0
Modifying agency BD-DhUET
082 ## - DEWEY DECIMAL CLASSIFICATION NUMBER
Classification number 620.1
Item number LON/1961
100 ## - MAIN ENTRY--PERSONAL NAME
Personal name Long, Robert R.
245 ## - TITLE STATEMENT
Title Mechanics of solids and fluids
250 ## - EDITION STATEMENT
Edition statement 1st ed.
260 ## - PUBLICATION, DISTRIBUTION, ETC. (IMPRINT)
Place of publication, distribution, etc. New Delhi
Name of publisher, distributor, etc. Prentice-Hall International
Date of publication, distribution, etc. 1961
300 ## - PHYSICAL DESCRIPTION
Extent x, 156 p.
Other physical details ill.
650 #0 - SUBJECT ADDED ENTRY--TOPICAL TERM
Topical term or geographic name as entry element Applied mechanics
942 ## - ADDED ENTRY ELEMENTS (KOHA)
Koha item type General Book
Holdings
Withdrawn status Piece designation (barcode) Damaged status Lost status Location (home branch) Koha date last seen Koha normalized classification for sorting Date acquired Copy number Not for loan Koha full call number Sublocation or collection (holding branch) Koha item type Price effective from Source of classification or shelving scheme Shelving location
 20545  Central Library, BUET2015-03-24620_100000000000000_LON_19612015-03-241 620.1/LON/1961Central Library, BUETGeneral Book2015-03-24 Circulation section
 7184  Central Library, BUET2015-03-24620_100000000000000_LON_19612015-03-242 620.1/LON/1961Central Library, BUETGeneral Book2015-03-24 Circulation section
 20026  Central Library, BUET2015-03-24620_100000000000000_LON_19612015-03-243 620.1/LON/1961Central Library, BUETGeneral Book2015-03-24 Circulation section
 5734  Central Library, BUET2015-07-26620_100000000000000_LON_19612015-07-264 620.1/LON/1961Central Library, BUETGeneral Book2015-07-26 Circulation section